Together with Art-6 (Record no. 2835)

MARC details
000 -LEADER
fixed length control field 00234nam a22000857a 4500
008 - FIXED-LENGTH DATA ELEMENTS--GENERAL INFORMATION
fixed length control field 160819b xxu||||| |||| 00| 0 eng d
100 ## - MAIN ENTRY--PERSONAL NAME
9 (RLIN) 177
Personal name Srivastava N
245 ## - TITLE STATEMENT
Title Together with Art-6
260 ## - PUBLICATION, DISTRIBUTION, ETC. (IMPRINT)
Place of publication, distribution, etc. New Delhi
Name of publisher, distributor, etc. Rachna Sagar publication
Date of publication, distribution, etc. 2007
Holdings
Withdrawn status Lost status Source of classification or shelving scheme Damaged status Koha normalized classification for sorting Not for loan Home library Current library Shelving location Date acquired Total Checkouts Full call number Barcode Date last seen Date last checked out Price effective from Koha item type
    Dewey Decimal Classification   700_000000000000000   Good Samaritan School Library Good Samaritan School Library ART & CRAFT 08/19/2016 1 700 SRI10453 09/02/2016 08/19/2016 08/19/2016 BOOK

Powered by Koha